| 000 | 00555nam a2200205 a 4500 | ||
|---|---|---|---|
| 005 | 20210219152829.0 | ||
| 008 | 991125n 000 0 spa u | ||
| 035 | _aUPN01000062680 | ||
| 100 | 1 | _aBraslavsky, Cecilia | |
| 222 | _aPROPUESTA EDUCATIVA | ||
| 245 | _aAcerca de la reconversión del sistema educativo argentino : 1984-1994 | ||
| 260 | _aArgentina | ||
| 300 | _a6-14 | ||
| 362 | 0 | _a1996 Año 7, no. 14, ago. | |
| 653 | 0 | _aARGENTINA | |
| 653 | 0 | _aCURRICULUM | |
| 653 | 0 | _aSISTEMA EDUCATIVO | |
| 904 |
_aAC _b000491 |
||
| 905 | _aArticulo | ||
| 999 |
_c61804 _d61804 |
||